|
|
|
|
| LEADER |
00000nab a2200000 a 4500 |
| 001 |
vtls010736038 |
| 003 |
SK-MaSNL |
| 005 |
20260304190638.0 |
| 008 |
250709s1999 xo |||||||||||||||||slo| |
| 035 |
|
|
|a (urnnbn)urn:nbn:sk:snk:ar-a05ibc
|
| 035 |
|
|
|a (uuid)09eaf8c3-bcaf-422a-81fd-238040d8dee5
|
| 035 |
|
|
|a urn:nbn:sk:snk-ab3xj7
|
| 040 |
|
|
|a SNKBUCL
|b slo
|c SNKBUCL
|e AACR2
|
| 041 |
0 |
|
|a eng
|
| 044 |
|
|
|a xo
|c SK
|
| 100 |
1 |
|
|a Soukup, T.
|4 aut
|9 858634
|
| 245 |
1 |
0 |
|a Expression of Myosin Heavy Chain (MyHC) Isoforms in Rat Intrafusal Muscle Fibres after Neonatal Deefferentation and Subsequent Denervation
|c T. Soukup, I. Jirmanová, K. Mráčková, G. Zachařová, L.-E. Thornell
|
| 700 |
1 |
|
|a Jirmanová, I.
|4 aut
|9 1522121
|
| 700 |
1 |
|
|a Mráčková, K.
|4 aut
|9 1522120
|
| 700 |
1 |
|
|a Zachařová, G.
|4 aut
|9 1522119
|
| 700 |
1 |
|
|a Thornell, L.-E.
|4 aut
|9 1522122
|
| 773 |
0 |
|
|t General physiology and biophysics : an international journal
|g Roč. 18, č. Supplement 1 (1999), s. 81-83
|
| 850 |
|
|
|a Slovenská národná knižnica
|
| 852 |
|
|
|a Slovenská národná knižnica
|
| 958 |
|
|
|a article1
|
| 958 |
|
|
|a OND
|
| 958 |
|
|
|a EUIPO
|
| 999 |
|
|
|c 3050849
|d 3052779
|